000 01199aam a2200337 i 4500
001 1542954
003 EG-ScBUE
005 20260121105645.0
008 910624s1992 enka f b 001 0 eng d
020 _a9780198596868
040 _aDLC
_beng
_erda
_cDLC
_dEG-ScBUE
082 0 4 _a530.11
_222
_bDIN
100 1 _aD'Inverno, Ray.
_924441
245 1 0 _aIntroducing einstein's relativity /
_cRay d'Inverno.
264 1 _aOxford :
_bClarendon Press,
_c1992.
300 _axi, 383 pages :
_billustrations ;
_c25 cm
336 _2rdacontent
_atext
_btxt
337 _aunmediated
_2rdamedia
_bn
338 _avolume
_bnc
_2rdacarrier
504 _aIncludes bibliographical references and index.
650 7 _aRelativity (Physics)
_2BUEsh
_924442
650 7 _aBlack holes (Astronomy)
_2BUEsh
_924443
650 7 _aGravitation.
_2BUEsh
_924444
650 7 _aCosmology.
_2BUEsh
_924445
650 7 _aCalculus of tensors.
_2BUEsh
_924446
653 _cMay2011
655 _vReading book
856 4 2 _3Publisher description
_uhttp://www.loc.gov/catdir/enhancements/fy0604/91024894-d.html
856 4 1 _3Table of contents only
_uhttp://www.loc.gov/catdir/enhancements/fy0604/91024894-t.html
942 _2ddc
_cBB
999 _c15472
_d15472